Public Administration: an international quarterly ./ (Record no. 6069)
[ view plain ]
| 000 -LEADER | |
|---|---|
| fixed length control field | 00503nam a22001577a 4500 |
| 008 - FIXED-LENGTH DATA ELEMENTS--GENERAL INFORMATION | |
| fixed length control field | 161031b xxu||||| |||| 00| 0 eng d |
| 050 ## - LIBRARY OF CONGRESS CALL NUMBER | |
| Classification number | JA26.J68 (1997 vol.75) |
| 245 ## - TITLE STATEMENT | |
| Title | Public Administration: an international quarterly ./ |
| Statement of responsibility, etc. | edited by Steve Leach and Gerry Stoker. |
| 260 ## - PUBLICATION, DISTRIBUTION, ETC. | |
| Place of publication, distribution, etc. | London : |
| Name of publisher, distributor, etc. | Black pulishers, |
| Date of publication, distribution, etc. | 1997. |
| 300 ## - PHYSICAL DESCRIPTION | |
| Extent | 787p.: |
| Dimensions | 24 cm. |
| 440 ## - SERIES STATEMENT/ADDED ENTRY--TITLE | |
| Name of part/section of a work | International quarterly. |
| Volume/sequential designation | vol.75 |
| 500 ## - GENERAL NOTE | |
| General note | Includes index. |
| 800 ## - SERIES ADDED ENTRY--PERSONAL NAME | |
| Personal name | Leach, Steve. |
| 800 ## - SERIES ADDED ENTRY--PERSONAL NAME | |
| Personal name | Stoker, Gerry. |
| 942 ## - ADDED ENTRY ELEMENTS (KOHA) | |
| Source of classification or shelving scheme | Library of Congress Classification |
| Koha item type | Books |
| Withdrawn status | Lost status | Source of classification or shelving scheme | Damaged status | Not for loan | Collection code | Home library | Current library | Shelving location | Date acquired | Total Checkouts | Full call number | Barcode | Date last seen | Copy number | Price effective from | Koha item type |
|---|---|---|---|---|---|---|---|---|---|---|---|---|---|---|---|---|
| Library of Congress Classification | Reference | WISCONSIN INTERNATIONAL UNIVERSITY COLLEGE, GHANA - MAIN LIBRARY | WISCONSIN INTERNATIONAL UNIVERSITY COLLEGE, GHANA - MAIN LIBRARY | Law Library | 31/10/2016 | JA26.J68 (1997 vol.75) | 241/064/16 | 31/10/2016 | 1 | 31/10/2016 | Books |
